[Event "GER-ch Net Amateur Gr-A Vor3"]
[Site "Playchess.com INT"]
[Date "2020.04.16"]
[Round "7"]
[White "Loew, Gerald"]
[Black "Schaefer, Marlon"]
[Result "0-1"]
[WhiteElo "1991"]
[BlackElo "1831"]
[PlyCount "58"]
[EventDate "2020.04.16"]
[EventType "swiss (blitz)"]
[EventRounds "9"]
[EventCountry "GER"]
[SourceTitle "CBM 195 Extra"]
[Source "ChessBase"]
[SourceDate "2020.05.31"]
[SourceVersion "1"]
[SourceVersionDate "2020.05.31"]
[SourceQuality "1"]

1. c4 e5 2. Nc3 Nf6 3. Nf3 Nc6 4. e3 d5 5. cxd5 Nxd5 6. Bb5 Nxc3 7. bxc3 Bd6 8. d4 0-0 9. Bxc6 bxc6 10. dxe5 Be7 11. 0-0 Ba6 12. Re1 Qb8 13. Nd4 Qb6 14. Qg4 Qc5 15. Nf5 Qxe5 16. f4 Qxc3 17. Nxe7+ Kh8 18. Ba3 Qxa3 19. Nf5 g6 20. Nd4 Rae8 21. Qf3 c5 22. Nb3 c4 23. Nd4 c3 24. Rac1 Qb2 25. f5 Bb7 26. Qg3 Rxe3 27. Qg5 Rxe1+ 28. Rxe1 f6 29. Qh6 Qxg2# 0-1

[Event "GER-ch Net Amateur Gr-A Vor2"]
[Site "Playchess.com INT"]
[Date "2020.04.15"]
[Round "6"]
[White "Schaefer, Marlon"]
[Black "Frick, Christoph"]
[Result "1-0"]
[WhiteElo "1762"]
[BlackElo "1993"]
[PlyCount "97"]
[EventDate "2020.04.15"]
[EventType "swiss (blitz)"]
[EventRounds "9"]
[EventCountry "GER"]
[SourceTitle "CBM 196 Extra"]
[Source "ChessBase"]
[SourceDate "2020.07.31"]
[SourceVersion "1"]
[SourceVersionDate "2020.07.31"]
[SourceQuality "1"]

1. e4 c6 2. d4 d5 3. Nd2 dxe4 4. Nxe4 Nf6 5. Nxf6+ exf6 6. c3 Bd6 7. Bd3 0-0 8. Ne2 Re8 9. Qc2 g6 10. Be3 Nd7 11. 0-0-0 Qa5 12. Kb1 b5 13. h4 Nb6 14. h5 f5 15. hxg6 fxg6 16. g4 Be6 17. gxf5 Qxa2+ 18. Kc1 Bb3 19. Qb1 Qxb1+ 20. Bxb1 Bxd1 21. Kxd1 Nc4 22. fxg6 hxg6 23. Bc1 Re6 24. b3 Rae8 25. bxc4 Rxe2 26. cxb5 Rxf2 27. bxc6 Ree2 28. Bd3 Ra2 29. Bc4+ Kg7 30. Bxa2 Rxa2 31. c4 Kf6 32. Rf1+ Ke6 33. Re1+ Kf6 34. c5 Bg3 35. Re2 Ra1 36. Kc2 Kf5 37. Bb2 Ra4 38. Re3 Bf4 39. Rf3 Ke4 40. Rxf4+ Kxf4 41. c7 Rc4+ 42. Kd3 Rb4 43. Bc3 Rb1 44. c8Q Rd1+ 45. Kc4 Rh1 46. Qc7+ Kg4 47. Qxa7 g5 48. Qd7+ Kf3 49. Qd5+ 1-0

[Event "GER-ch Net Amateur Gr-A Vor2"]
[Site "Playchess.com INT"]
[Date "2020.04.15"]
[Round "9"]
[White "Schaefer, Marlon"]
[Black "Mueller, Markus1"]
[Result "0-1"]
[WhiteElo "1762"]
[BlackElo "1885"]
[PlyCount "66"]
[EventDate "2020.04.15"]
[EventType "swiss (blitz)"]
[EventRounds "9"]
[EventCountry "GER"]
[SourceTitle "CBM 196 Extra"]
[Source "ChessBase"]
[SourceDate "2020.07.31"]
[SourceVersion "1"]
[SourceVersionDate "2020.07.31"]
[SourceQuality "1"]

1. e4 c6 2. d4 d5 3. Nd2 dxe4 4. Nxe4 Nf6 5. Nxf6+ exf6 6. c3 Bd6 7. Bd3 0-0 8. Ne2 Re8 9. Qc2 h5 10. Bd2 Be6 11. c4 Nd7 12. 0-0-0 b5 13. c5 Be7 14. Kb1 Nf8 15. h4 a5 16. f3 a4 17. g4 Qd5 18. Nc3 Qxd4 19. gxh5 b4 20. Bh6 b3 21. Qg2 f5 22. Bxf5 Bxf5+ 23. Ka1 Qf6 24. Bg5 Qe5 25. h6 g6 26. h5 a3 27. hxg6 Bxg5 28. gxf7+ Kxf7 29. axb3 axb2+ 30. Kxb2 Ra2+ 31. Kxa2 Qxc3 32. Rd7+ Nxd7 33. Qxg5 Ra8# 0-1

[Event "GER-ch Net Amateur Gr-A Vor2"]
[Site "Playchess.com INT"]
[Date "2020.04.15"]
[Round "1"]
[White "Woelk, Tom Frederic"]
[Black "Schaefer, Marlon"]
[Result "0-1"]
[WhiteElo "2022"]
[BlackElo "1762"]
[PlyCount "88"]
[EventDate "2020.04.15"]
[EventType "swiss (blitz)"]
[EventRounds "9"]
[EventCountry "GER"]
[SourceTitle "CBM 196 Extra"]
[Source "ChessBase"]
[SourceDate "2020.07.31"]
[SourceVersion "1"]
[SourceVersionDate "2020.07.31"]
[SourceQuality "1"]

1. d4 Nf6 2. c4 e6 3. Nc3 Bb4 4. f3 d5 5. a3 Bxc3+ 6. bxc3 c5 7. cxd5 exd5 8. e3 c4 9. Ne2 0-0 10. g4 Nc6 11. Bg2 Na5 12. 0-0 Nb3 13. Ra2 b5 14. Ng3 a5 15. g5 Ne8 16. e4 Nxc1 17. Qxc1 Ra6 18. e5 Nc7 19. f4 Ne6 20. h4 b4 21. f5 Nxd4 22. cxd4 c3 23. axb4 axb4 24. Raf2 Qb6 25. Qf4 b3 26. Bxd5 b2 27. Be4 Ra1 28. Ne2 Bb7 29. Nxc3 Qxd4 30. Bxb7 Qxc3 31. Be4 Rd8 32. f6 g6 33. e6 Rd4 34. exf7+ Kxf7 35. h5 b1Q 36. hxg6+ hxg6 37. Rxb1 Rxb1+ 38. Kg2 Qc1 39. Bxb1 Rxf4 40. Ba2+ Kf8 41. Re2 Qc6+ 42. Kg3 Qf3+ 43. Kh2 Rh4+ 44. Kg1 Rh1# 0-1

[Event "GER-ch Net blitz qual5"]
[Site "Playchess.com INT"]
[Date "2020.03.28"]
[Round "8"]
[White "Butcher, Daniel"]
[Black "Schaefer, Marlon"]
[Result "1-0"]
[WhiteElo "1980"]
[BlackElo "1897"]
[PlyCount "73"]
[EventDate "2020.03.28"]
[EventType "swiss (blitz)"]
[EventRounds "13"]
[EventCountry "GER"]
[SourceTitle "CBM 195 Extra"]
[Source "ChessBase"]
[SourceDate "2020.05.31"]
[SourceVersion "1"]
[SourceVersionDate "2020.05.31"]
[SourceQuality "1"]

1. d4 Nf6 2. Nc3 d5 3. Bf4 c6 4. e3 Nbd7 5. Bd3 e6 6. Nf3 Be7 7. Ne5 0-0 8. Qf3 c5 9. dxc5 Nxc5 10. 0-0 Nxd3 11. cxd3 Nd7 12. d4 Nxe5 13. Bxe5 f6 14. Bg3 b6 15. Rac1 Ba6 16. Rfd1 Rc8 17. a4 Bb4 18. Nb5 Qd7 19. h4 Bxb5 20. axb5 Qxb5 21. Qg4 Qd7 22. h5 Kf7 23. e4 dxe4 24. Qxe4 g6 25. Rxc8 Rxc8 26. d5 e5 27. Qxb4 Rc5 28. d6 gxh5 29. Qe4 f5 30. Qe2 Kg6 31. Bxe5 a5 32. f4 Rc8 33. Kh2 Rg8 34. Rd3 Qd8 35. Rg3+ Kf7 36. Qxh5+ Kf8 37. Qxf5+ 1-0

[Event "GER-ch Net blitz qual5"]
[Site "Playchess.com INT"]
[Date "2020.03.28"]
[Round "11"]
[White "Lantzsch, Christian"]
[Black "Schaefer, Marlon"]
[Result "1-0"]
[WhiteElo "2178"]
[BlackElo "1897"]
[PlyCount "103"]
[EventDate "2020.03.28"]
[EventType "swiss (blitz)"]
[EventRounds "13"]
[EventCountry "GER"]
[SourceTitle "CBM 195 Extra"]
[Source "ChessBase"]
[SourceDate "2020.05.31"]
[SourceVersion "1"]
[SourceVersionDate "2020.05.31"]
[SourceQuality "1"]

1. e4 e5 2. d4 exd4 3. Qxd4 Nc6 4. Qe3 b6 5. Nc3 Bc5 6. Qg3 Qf6 7. Bg5 Qg6 8. Nf3 h6 9. Bf4 Qxg3 10. Bxg3 d6 11. a3 a5 12. Nd5 Kd7 13. Bb5 Ba6 14. Bxc6+ Kxc6 15. b4 axb4 16. axb4 Nf6 17. bxc5 Nxd5 18. exd5+ Kxc5 19. Kd2 Kxd5 20. Rhe1 Bc4 21. Rxa8 Rxa8 22. Re7 Kc6 23. Nd4+ Kd5 24. Nf5 Ra2 25. Ne3+ Kd4 26. Nxc4 Kxc4 27. Rxc7+ Kd5 28. Rxf7 b5 29. Rxg7 Kc6 30. Rg6 b4 31. Rxd6+ Kc5 32. Rd3 Kc4 33. f4 Ra5 34. Bf2 Rh5 35. h4 Rf5 36. Rd4+ Kb5 37. g4 Rf7 38. g5 hxg5 39. hxg5 Ka4 40. g6 Rf6 41. g7 Rg6 42. Rd7 Ka3 43. f5 Rg2 44. Ke3 Kb2 45. f6 Kxc2 46. f7 Rxg7 47. f8Q Rxd7 48. Qf5+ Kc1 49. Qxd7 b3 50. Qd2+ Kb1 51. Kd3 Ka1 52. Kc3 1-0

[Event "GER-ch Net blitz qual3"]
[Site "Playchess.com INT"]
[Date "2020.03.21"]
[Round "1"]
[White "Sossna, Gerald"]
[Black "Schaefer, Marlon"]
[Result "0-1"]
[WhiteElo "1569"]
[BlackElo "1897"]
[PlyCount "60"]
[EventDate "2020.03.21"]
[EventType "swiss (blitz)"]
[EventRounds "9"]
[EventCountry "GER"]
[SourceTitle "CBM 195 Extra"]
[Source "ChessBase"]
[SourceDate "2020.05.31"]
[SourceVersion "1"]
[SourceVersionDate "2020.05.31"]
[SourceQuality "1"]

1. e4 e5 2. Nf3 Nc6 3. Bc4 Nf6 4. d3 Bc5 5. c3 d6 6. Bb3 0-0 7. h3 Ne7 8. Nbd2 Ng6 9. Nf1 Bb6 10. Ng3 c6 11. 0-0 h6 12. Bc2 d5 13. Qe2 Re8 14. Be3 Bc7 15. Rad1 Qe7 16. Qd2 Bd7 17. Bxh6 gxh6 18. Qxh6 Nh7 19. Nf5 Bxf5 20. exf5 Nf4 21. Nxe5 Qxe5 22. d4 Qf6 23. Qxf6 Nxf6 24. Rde1 Ne4 25. a3 Ng5 26. h4 Ne4 27. g4 Nd2 28. Rxe8+ Rxe8 29. Rd1 Nf3+ 30. Kf1 Nxh4 0-1

[Event "GER-ch Net blitz qual2"]
[Site "Playchess.com INT"]
[Date "2020.03.16"]
[Round "2"]
[White "Brunke, Christian"]
[Black "Schaefer, Marlon"]
[Result "1-0"]
[WhiteElo "2146"]
[BlackElo "1897"]
[PlyCount "197"]
[EventDate "2020.03.16"]
[EventType "swiss (blitz)"]
[EventRounds "9"]
[EventCountry "GER"]
[SourceTitle "CBM 195 Extra"]
[Source "ChessBase"]
[SourceDate "2020.05.31"]
[SourceVersion "1"]
[SourceVersionDate "2020.05.31"]
[SourceQuality "1"]

1. e4 e5 2. Bc4 Nf6 3. Nf3 Nxe4 4. Nc3 Nf6 5. Nxe5 d5 6. Bb3 Bd6 7. d4 c6 8. 0-0 0-0 9. Bg5 h6 10. Bh4 g5 11. Bg3 Bf5 12. Ne2 Ne4 13. c3 Re8 14. f3 Nxg3 15. Nxg3 Bh7 16. Re1 Nd7 17. Nxd7 Qxd7 18. Qd2 Bf4 19. Qf2 Bg6 20. Bc2 a5 21. Bxg6 fxg6 22. Rad1 Qd6 23. Nf1 Qd7 24. g3 Bd6 25. Kg2 a4 26. a3 Kg7 27. Ne3 Re7 28. Ng4 Rae8 29. Rxe7+ Rxe7 30. Re1 Qe8 31. Rxe7+ Qxe7 32. Qe3 Qxe3 33. Nxe3 Kf6 34. Ng4+ Kg7 35. Kf2 h5 36. Ne3 Kf6 37. Nf1 h4 38. Ke3 Kf5 39. Ke2 g4 40. Ne3+ Kg5 41. f4+ Kf6 42. Nxg4+ Kf5 43. Kf3 hxg3 44. hxg3 b5 45. Ne3+ Kf6 46. Kg4 Bc7 47. Nc2 Bd6 48. Nb4 c5 49. dxc5 Bxc5 50. Nxd5+ Ke6 51. Nc7+ Kd6 52. Nxb5+ Kd5 53. Kg5 Kc4 54. Nc7 Kb3 55. Ne6 Bxa3 56. bxa3 Kxa3 57. Kxg6 Kb3 58. Nd4+ Kxc3 59. Nb5+ Kb4 60. f5 Kxb5 61. f6 a3 62. f7 a2 63. f8Q a1Q 64. Qb8+ Kc4 65. Qc7+ Kb3 66. Qf7+ Kc2 67. Qf5+ Kb3 68. g4 Qa6+ 69. Qf6 Qd3+ 70. Kh6 Qh3+ 71. Kg5 Qe3+ 72. Kg6 Qd3+ 73. Qf5 Qd6+ 74. Kf7 Qc7+ 75. Ke6 Qc6+ 76. Ke7 Qc7+ 77. Qd7 Qc5+ 78. Kf7 Qf2+ 79. Kg6 Qc2+ 80. Kf6 Qc3+ 81. Kf7 Qf3+ 82. Ke8 Qe4+ 83. Kd8 Qa8+ 84. Ke7 Qa3+ 85. Kf6 Qb2+ 86. Kg6 Qc2+ 87. Qf5 Qc6+ 88. Kg7 Qc3+ 89. Qf6 Qg3 90. g5 Kc2 91. g6 Qc7+ 92. Qf7 Qc3+ 93. Kg8 Qc8+ 94. Qf8 Qc4+ 95. Kh7 Qh4+ 96. Qh6 Qe7+ 97. g7 Qe4+ 98. Qg6 Qxg6+ 99. Kxg6 1-0

[Event "GER-ch Net blitz qual1"]
[Site "Playchess.com INT"]
[Date "2020.03.07"]
[Round "9"]
[White "Di Capua, Francesco Stefano"]
[Black "Schaefer, Marlon"]
[Result "1-0"]
[WhiteElo "1956"]
[BlackElo "1897"]
[PlyCount "49"]
[EventDate "2020.03.07"]
[EventType "swiss (blitz)"]
[EventRounds "9"]
[EventCountry "GER"]
[SourceTitle "CBM 195 Extra"]
[Source "ChessBase"]
[SourceDate "2020.05.31"]
[SourceVersion "1"]
[SourceVersionDate "2020.05.31"]
[SourceQuality "1"]

1. e4 e5 2. Nf3 Nc6 3. Bc4 Nf6 4. Ng5 d5 5. exd5 Na5 6. Bb5+ c6 7. dxc6 bxc6 8. Bd3 Nd5 9. Nf3 Bd6 10. Nc3 Nf4 11. Bf1 0-0 12. d4 exd4 13. Qxd4 Re8+ 14. Be3 Ne6 15. Qd2 Bb4 16. Qxd8 Rxd8 17. Bd2 Re8 18. 0-0-0 Rb8 19. Bd3 Nb7 20. Ne4 Nbc5 21. Bxb4 Rxb4 22. Nxc5 Nxc5 23. Rhe1 Nxd3+ 24. Rxd3 Rxe1+ 25. Nxe1 1-0

[Event "GER-ch Net blitz qual1"]
[Site "Playchess.com INT"]
[Date "2020.03.07"]
[Round "2"]
[White "Fehmer, Dirk"]
[Black "Schaefer, Marlon"]
[Result "1-0"]
[WhiteElo "2113"]
[BlackElo "1897"]
[PlyCount "87"]
[EventDate "2020.03.07"]
[EventType "swiss (blitz)"]
[EventRounds "9"]
[EventCountry "GER"]
[SourceTitle "CBM 195 Extra"]
[Source "ChessBase"]
[SourceDate "2020.05.31"]
[SourceVersion "1"]
[SourceVersionDate "2020.05.31"]
[SourceQuality "1"]

1. Nf3 Nf6 2. g3 d5 3. c4 d4 4. e3 Nc6 5. exd4 Nxd4 6. Nxd4 Qxd4 7. d3 Bg4 8. Be2 Bxe2 9. Qxe2 0-0-0 10. Be3 Qxd3 11. Qxd3 Rxd3 12. Ke2 Rd6 13. Nc3 a6 14. b4 e6 15. b5 Be7 16. bxa6 Rxa6 17. Nb5 Rd8 18. h3 Ne4 19. Rhc1 Bf6 20. Rab1 Rxa2+ 21. Kf3 Nd6 22. Na7+ Kd7 23. c5 Nf5 24. c6+ bxc6 25. Nxc6 Rda8 26. Nb8+ Ke8 27. Rxc7 Nxe3 28. fxe3 Be5 29. Rc8+ Ke7 30. Rb7+ Kf6 31. Nd7+ Kf5 32. g4+ Kg5 33. Rxa8 Rxa8 34. Nxe5 Rf8 35. Rxf7 Rxf7+ 36. Nxf7+ Kh4 37. Nd8 e5 38. Nf7 Kxh3 39. Nxe5 g6 40. g5 Kh4 41. Nf7 Kh5 42. Kf4 h6 43. Nxh6 Kh4 44. e4 1-0

[Event "GER-ch Net blitz qual1"]
[Site "Playchess.com INT"]
[Date "2020.03.07"]
[Round "1"]
[White "Schaefer, Marlon"]
[Black "Haubold, Sebastian Marcel"]
[Result "1-0"]
[WhiteElo "1897"]
[BlackElo "1800"]
[PlyCount "97"]
[EventDate "2020.03.07"]
[EventType "swiss (blitz)"]
[EventRounds "9"]
[EventCountry "GER"]
[SourceTitle "CBM 195 Extra"]
[Source "ChessBase"]
[SourceDate "2020.05.31"]
[SourceVersion "1"]
[SourceVersionDate "2020.05.31"]
[SourceQuality "1"]

1. e4 e5 2. Nf3 Nc6 3. Bc4 Bc5 4. c3 Nf6 5. d3 d6 6. 0-0 a6 7. Bb3 Ba7 8. Nbd2 0-0 9. h3 Be6 10. Bc2 d5 11. exd5 Nxd5 12. Re1 f6 13. d4 Qd6 14. c4 Nf4 15. d5 Bxd5 16. cxd5 Qxd5 17. Bb3 Ne7 18. Bxd5+ Nexd5 19. Qb3 Kh8 20. Nf1 b5 21. Ne3 Ne7 22. Bd2 c5 23. a4 c4 24. Qc2 Nd3 25. axb5 Nxe1 26. Bxe1 axb5 27. Bb4 Rfe8 28. Rd1 Nc6 29. Qc3 Bd4 30. Nxd4 exd4 31. Rxd4 Nxd4 32. Qxd4 Rad8 33. Qc5 Re5 34. Qc7 Rde8 35. Bc3 R5e7 36. Qc6 Rb8 37. Bxf6 Ree8 38. Bc3 Rec8 39. Qd7 Rg8 40. Nf5 h6 41. Bxg7+ Kh7 42. Be5+ Kg6 43. Nh4+ Kh5 44. Bxb8 Kxh4 45. Bg3+ Kh5 46. Qf7+ Rg6 47. Qf3+ Kg5 48. Qf4+ Kh5 49. Qh4# 1-0

[Event "GER-ch Net blitz qual1"]
[Site "Playchess.com INT"]
[Date "2020.03.07"]
[Round "6"]
[White "Schaefer, Marlon"]
[Black "Wessendorf, Thomas"]
[Result "0-1"]
[WhiteElo "1897"]
[BlackElo "2242"]
[PlyCount "46"]
[EventDate "2020.03.07"]
[EventType "swiss (blitz)"]
[EventRounds "9"]
[EventCountry "GER"]
[SourceTitle "CBM 195 Extra"]
[Source "ChessBase"]
[SourceDate "2020.05.31"]
[SourceVersion "1"]
[SourceVersionDate "2020.05.31"]
[SourceQuality "1"]

1. e4 c5 2. c3 d6 3. d4 Nf6 4. Bd3 Nc6 5. Nf3 Bg4 6. Be3 g6 7. Na3 cxd4 8. cxd4 d5 9. e5 Ne4 10. h3 Bxf3 11. Qxf3 Qa5+ 12. Ke2 Qb6 13. Rab1 Nxd4+ 14. Bxd4 Qxd4 15. Bb5+ Kd8 16. Qxf7 Qd2+ 17. Kf1 Rc8 18. Kg1 Bh6 19. Rf1 Rf8 20. Qe6 Kc7 21. Ba4 Kb8 22. Nb5 Rc1 23. Rxc1 Qxf2+ 0-1

[Event "GER-ch Net blitz qual1"]
[Site "Playchess.com INT"]
[Date "2020.03.07"]
[Round "4"]
[White "Tiarks, Jann Christian"]
[Black "Schaefer, Marlon"]
[Result "1-0"]
[WhiteElo "2159"]
[BlackElo "1897"]
[PlyCount "45"]
[EventDate "2020.03.07"]
[EventType "swiss (blitz)"]
[EventRounds "9"]
[EventCountry "GER"]
[SourceTitle "CBM 195 Extra"]
[Source "ChessBase"]
[SourceDate "2020.05.31"]
[SourceVersion "1"]
[SourceVersionDate "2020.05.31"]
[SourceQuality "1"]

1. e4 e5 2. Nf3 Nc6 3. Nc3 Nf6 4. d4 exd4 5. Nxd4 Bb4 6. Nxc6 bxc6 7. Bd3 d5 8. exd5 cxd5 9. 0-0 0-0 10. h3 h6 11. Qf3 c6 12. Bf4 Bd6 13. Ne2 Re8 14. Rfe1 Ne4 15. Rad1 Qf6 16. Bxe4 Rxe4 17. Bxd6 Qxd6 18. Qxe4 Ba6 19. Qf3 Qb4 20. Qc3 Qh4 21. Ng3 Rb8 22. b3 Rd8 23. Qxg7+ 1-0

[Event "GER-ch U18"]
[Site "Willingen"]
[Date "2016.05.18"]
[Round "6"]
[White "Schaefer, Marlon"]
[Black "Mierzwa, Robert"]
[Result "0-1"]
[WhiteElo "1733"]
[BlackElo "1976"]
[PlyCount "84"]
[EventDate "2016.05.15"]
[EventType "swiss"]
[EventRounds "9"]
[EventCountry "GER"]
[SourceTitle "CBM 172 Extra"]
[Source "ChessBase"]
[SourceDate "2016.06.21"]
[SourceVersion "1"]
[SourceVersionDate "2016.06.21"]
[SourceQuality "1"]

1. e4 e5 2. Nf3 Nc6 3. Bc4 Bc5 4. c3 Nf6 5. d3 a6 6. 0-0 d6 7. Bb3 Ba7 8. Re1 h6 9. Nbd2 0-0 10. h3 Be6 11. Nf1 Re8 12. N3h2 d5 13. Qf3 dxe4 14. dxe4 Bxb3 15. axb3 Qd6 16. Ng4 Nxg4 17. hxg4 Rad8 18. Ng3 Ne7 19. Nf5 Nxf5 20. gxf5 Rd7 21. Qg4 Red8 22. g3 Qf6 23. Kg2 Rd3 24. Rh1 Kf8 25. b4 Bb6 26. Rh5 Qc6 27. c4 R8d4 28. f6 Qxf6 29. c5 Ba7 30. Rf5 Qe6 31. c6 Rxb4 32. Qh4 Bc5 33. Ra5 Be7 34. Raxe5 Qxe5 35. Rxe5 Bxh4 36. gxh4 bxc6 37. Ra5 Rxe4 38. Rxa6 Rg4+ 39. Kh2 Rxh4+ 40. Kg2 Rg4+ 41. Kh2 Rd5 42. Kh3 Rg1 0-1

[Event "GER-ch U18"]
[Site "Willingen"]
[Date "2016.05.15"]
[Round "1"]
[White "Gschnitzer, Adrian"]
[Black "Schaefer, Marlon"]
[Result "1-0"]
[WhiteElo "2258"]
[BlackElo "1733"]
[PlyCount "57"]
[EventDate "2016.05.15"]
[EventType "swiss"]
[EventRounds "9"]
[EventCountry "GER"]
[SourceTitle "CBM 172 Extra"]
[Source "ChessBase"]
[SourceDate "2016.06.21"]
[SourceVersion "1"]
[SourceVersionDate "2016.06.21"]
[SourceQuality "1"]

1. e4 e5 2. Nf3 Nc6 3. Bc4 Nf6 4. d3 Be7 5. c3 d6 6. Nbd2 0-0 7. Nf1 a6 8. Bb3 d5 9. Qe2 d4 10. Ng3 Ne8 11. 0-0 Nd6 12. h3 Bf6 13. cxd4 Nxd4 14. Nxd4 exd4 15. f4 Bh4 16. Qf3 Be6 17. Ne2 Bxb3 18. axb3 Nb5 19. g3 Be7 20. f5 Bg5 21. Qg4 f6 22. Bxg5 fxg5 23. Kh2 Qf6 24. Rac1 Nd6 25. h4 gxh4 26. gxh4 Rf7 27. Nf4 Qe5 28. Qg3 Kh8 29. Ng6+ 1-0

[Event "GER-ch U18"]
[Site "Willingen"]
[Date "2015.05.29"]
[Round "8"]
[White "Brinkmann, Fabian"]
[Black "Schaefer, Marlon"]
[Result "1/2-1/2"]
[WhiteElo "2068"]
[BlackElo "1669"]
[PlyCount "98"]
[EventDate "2015.05.24"]
[EventType "swiss"]
[EventRounds "9"]
[EventCountry "GER"]
[SourceTitle "CBM 166 Extra"]
[Source "ChessBase"]
[SourceDate "2015.06.18"]
[SourceVersion "1"]
[SourceVersionDate "2015.06.18"]
[SourceQuality "1"]

1. e4 e5 2. Nf3 Nc6 3. Bb5 a6 4. Ba4 d6 5. d4 b5 6. Bb3 Nxd4 7. Nxd4 exd4 8. Bd5 Rb8 9. Bc6+ Bd7 10. Bxd7+ Qxd7 11. Qxd4 Nf6 12. 0-0 Be7 13. Rd1 Qg4 14. f3 Qh5 15. Nc3 0-0 16. Qf2 c6 17. Qa7 Rfe8 18. Bf4 Rbd8 19. Qf2 b4 20. Ne2 d5 21. Ng3 Qh4 22. Bc7 Rd7 23. Qb6 dxe4 24. Rxd7 Nxd7 25. Qxc6 Nf6 26. Nxe4 Rc8 27. Qb7 Re8 28. Bg3 Qh5 29. Qc6 Rd8 30. Re1 h6 31. Nxf6+ Bxf6 32. Re8+ Rxe8 33. Qxe8+ Kh7 34. Qe4+ g6 35. h3 Qc5+ 36. Bf2 Qd6 37. Qd3 Qxd3 38. cxd3 Bxb2 39. Bb6 Kg7 40. Ba5 Bd4+ 41. Kf1 Bc5 42. Ke2 Kf6 43. d4 Bxd4 44. Kd3 Ke5 45. Kc4 Ba7 46. Bxb4 Kf4 47. Bc5 Bxc5 48. Kxc5 Kg3 49. Kb6 Kxg2 1/2-1/2

[Event "GER-ch U18"]
[Site "Willingen"]
[Date "2015.05.28"]
[Round "7"]
[White "Schaefer, Marlon"]
[Black "Hoffmann, Tim"]
[Result "1-0"]
[WhiteElo "1669"]
[BlackElo "2023"]
[PlyCount "77"]
[EventDate "2015.05.24"]
[EventType "swiss"]
[EventRounds "9"]
[EventCountry "GER"]
[SourceTitle "CBM 166 Extra"]
[Source "ChessBase"]
[SourceDate "2015.06.18"]
[SourceVersion "1"]
[SourceVersionDate "2015.06.18"]
[SourceQuality "1"]

1. e4 c5 2. c3 d5 3. exd5 Qxd5 4. d4 Nc6 5. Nf3 Bf5 6. Na3 cxd4 7. cxd4 e6 8. Nb5 0-0-0 9. Be3 Bb4+ 10. Nc3 Nf6 11. Be2 Ne4 12. Rc1 Nxc3 13. bxc3 Ba3 14. c4 Qd7 15. 0-0 Bxc1 16. Qxc1 f6 17. Rd1 Kb8 18. d5 exd5 19. cxd5 Ne5 20. Qa3 b6 21. Qb4 Qd6 22. Qd4 Rd7 23. Bf4 Re7 24. a4 Ka8 25. Bb5 Bd7 26. Ba6 Rhe8 27. Be3 Nxf3+ 28. gxf3 Bc8 29. Bb5 Rd8 30. Bf4 Qc5 31. Qd2 Bb7 32. d6 Rf7 33. Re1 Qd5 34. Qxd5 Bxd5 35. Re7 Rdf8 36. Re8+ Kb7 37. d7 Rxd7 38. Rxf8 Rf7 39. Rb8# 1-0

[Event "GER-ch U18"]
[Site "Willingen"]
[Date "2015.05.27"]
[Round "6"]
[White "Heldt, Ronny"]
[Black "Schaefer, Marlon"]
[Result "1/2-1/2"]
[WhiteElo "1754"]
[BlackElo "1669"]
[PlyCount "53"]
[EventDate "2015.05.24"]
[EventType "swiss"]
[EventRounds "9"]
[EventCountry "GER"]
[SourceTitle "CBM 166 Extra"]
[Source "ChessBase"]
[SourceDate "2015.06.18"]
[SourceVersion "1"]
[SourceVersionDate "2015.06.18"]
[SourceQuality "1"]

1. d4 d6 2. Nf3 Bg4 3. e4 Nf6 4. Bd3 c6 5. h3 Bh5 6. c4 Nbd7 7. Nc3 e5 8. d5 Be7 9. Be3 0-0 10. g4 Bg6 11. b4 Rc8 12. Rc1 a5 13. a3 axb4 14. axb4 Qc7 15. Kf1 b5 16. dxc6 Qxc6 17. cxb5 Qb7 18. Nd5 Nxd5 19. exd5 Qxd5 20. Be2 Qb7 21. Kg2 d5 22. Bc5 Bxc5 23. bxc5 Rxc5 24. Rxc5 Nxc5 25. Nxe5 d4+ 26. f3 Qd5 27. Nd3 1/2-1/2